| 000 | 00000nam##2200000za#4500 |
| 001 | 9.575164 |
| 003 | CaOODSP |
| 005 | 20210624184531 |
| 007 | cr ||||||||||| |
| 008 | 150406|1987||||xxc|||||o f|0| 0 eng|d |
| 040 | |aCaOODSP|beng |
| 043 | |an-cn--- |
| 086 | 1 |aFs97-17/27E-PDF |
| 110 | 1 |aCanada. |bDepartment of Fisheries and Oceans. |
| 245 | 10|aReport on Ocean Dumping R and D Pacific Region, Department of Fisheries and Oceans, 1985-86 / |h[electronic resource]|cEdited by S.M. Woods. |
| 260 | |aSidney - British Columbia : |bFisheries and Oceans Canada |cc1984. |
| 300 | |a50p.|bfigs., tables |
| 490 | 1 |aCanadian contractor report of hydrography and ocean sciences|vNo. 27 |
| 500 | |aThe catalogue number and ISSN for the print edition appear in this electronic version. |
| 546 | |a(Résumé en français). |
| 590 | |a12-39-Supp|b2012-10-11 |
| 720 | 1 |aWoods, S. M. |
| 830 | #0|aCanadian contractor report of hydrography and ocean sciences ;|vNo. 27|w(CaOODSP)9.506655 |
| 856 | 40|ahttp://publications.gc.ca|qPDF|s1979 KB|uhttps://publications.gc.ca/collections/collection_2012/mpo-dfo/Fs97-17-27-eng.pdf|yNo. 27 |